Neotropical primates (Registro nro. 12862)

Detalles MARC
000 -CABECERA
Campo de control 007610000a22002290004500
090 ## - CLASIFICACIÓN LOCAL
Colección AR
Consecutivo 03827
041 0# - IDIOMA
Código de idioma para texto/pista de sonido o título separado
100 1# - ASIENTO PRINCIPAL--NOMBRE PERSONAL
Nombre personal Klein, Lewis L.
245 10 - MENCION DE TITULO
Título Neotropical primates
Version aspects of habitat usage, population density, and regional distribution in La Marena,Colombia
650 14 - ASIENTO SECUNDARIO DE MATERIA - TERMINO TEMATICO
Término temático o nombre geográfico como elemento de entrada Primates
650 14 - ASIENTO SECUNDARIO DE MATERIA - TERMINO TEMATICO
Término temático o nombre geográfico como elemento de entrada Ecología de poblaciones
650 14 - ASIENTO SECUNDARIO DE MATERIA - TERMINO TEMATICO
Término temático o nombre geográfico como elemento de entrada Hábitat
650 14 - ASIENTO SECUNDARIO DE MATERIA - TERMINO TEMATICO
Término temático o nombre geográfico como elemento de entrada Distribución
651 #4 - ASIENTO SECUNDARIO DE MATERIA - NOMBRE GEOGRAFICO
-- Sierra de La Macarena
-- Meta
-- Colombia
653 ## - TERMINO DE INDIZACION - NO CONTROLADO
-- Cebus
-- Cebus apella
653 ## - TERMINO DE INDIZACION - NO CONTROLADO
-- Saimiri
-- Saimiri sciureus
653 ## - TERMINO DE INDIZACION - NO CONTROLADO
-- Alouatta
-- Alouatta seniculus
653 ## - TERMINO DE INDIZACION - NO CONTROLADO
-- Lagothrix
-- Lagothrix lagothrichia
700 1# - ASIENTO SECUNDARIO - NOMBRE PERSONAL
Nombre personal Klein, Dorothy J.
773 1# - Item fuente:
Título Preprint
Paginas del Articulo 1-30
Lugar, editorial y fecha de publicación 1972
942 ## - ELEMENTOS ADICIONALES (KOHA)
Tipo de ítem Artículo
Existencias
Withdrawn status Lost status Damaged status No para préstamo Colección Ubicación Permanente Ubicación actual Fecha de adquisición Datos de publicación Seriada Total Checkouts Número topográfico Inventario / Código de Barras Date last seen Price effective from Forma de adquisición Tipo de material
      No para Préstamo Hemeroteca Bogotá Bogotá 27/02/2015 Fuera de circulación   AR 03827 017369 25/03/2015 25/03/2015   Artículo